000 00544nam a2200217Ia 4500
003 OSt
005 20230411155418.0
008 210423s2003 xx 000 0 und d
020 _a978-0-099-44879-2
040 _cAL
041 _aeng
082 _a895.635
_223
_bMURW
100 _aMURAKAMI (Haruki)
_986394
245 _aWind up bird chronicle
_cRUBIN (Jay)
260 _aLondon
_bVintage
_c2003
300 _a609
_bPB
365 _b599
_cINR
650 _aJapanese
_986395
906 _abird ; chronicle ; up ; Wind
942 _2ddc
_cBK
999 _c169697
_d169697